000 00631nam a22002297a 4500
999 _c306751
_d306751
001 20571
003 UA-OsUOA
005 20200330231247.0
007 ta
008 20031101b un ||||| |||| 00| 0 ukr d
040 _aUA-OsUOA
_brus
_cUA-OsUOA
_dUA-OsUOA
041 _arus
044 _aRU
080 _a911.3(470+571)
090 _a911.3(470+571)
_bИ62
245 _aИнженерная география
_cЕ. М. Послепов, Д. В. Борисевич, А. Г. Воронов и др.
260 _aМосква
_bМВГО СССР
_c1989
300 _a184 с.
650 7 _2UDC
942 _cBK
_2udc
955 _a0